Sexual Reproduction and Meiosis - Statistics

General Stats
  • This quiz has been taken 395 times
  • The average score is 7 of 17
Answer Stats
Clue Answer % Correct
Male sex cell Sperm
95%
Female sex cell Egg
91%
The process in which one diploid cell devides in order to make four haploid sex cells Meiosis
57%
The new cell that forms when a sperm cell and an egg cell come together Zygote
56%
The process in which an egg cell and a sperm cell come together Fertilization
52%
Cell that has pairs of chromosomes Diploid Cell
41%
Type of reproduction in which two the genetic material of two different cells combine to produce and offspring Sexual Reproduction
39%
Cell that has one chromosome from each pair Haploid Cell
36%
The phase of meiosis in which homologous chromosomes line up in the middle of the cell and a spindle fiber attaches to each one. Metaphase 1
33%
The phase of meiosis in which sister chromatids line up in the middle of the cell in single file. Happens in both cells that are seen in this stage. Metaphase 2
32%
The phase of meiosis in which the sister chromatids of each duplicated chromosome are pulled to either end of the cell by spindle fibers. Happens in both cells that are seen in this stage. Anaphase 2
31%
The phase of meiosis in which chromosome pairs are pulled to opposite ends of the cell. Sister chromatids stay together. Anaphase 1
30%
The phase of meiosis in which duplicated chromosomes condense, homologous chromosomes form pairs, the nucleolus disappears and the nuclear membrane breaks down. Prophase 1
30%
The phase of meiosis in which chromosomes do not divide and sister chromatids remained condensed and thickened. The nucleolus disappears and the nuclear membrane breaks down. Happens in both cells that are seen in this stage. Prophase 2
30%
The phase of meiosis in which a nuclear membrane forms around each groups of chromosomes and cytoplasm divides in cytokinesis making two new daughter cells. Telophase 1
30%
The final phase of meiosis in which a nuclear membrane forms around the groups of chromatids/chromosomes and the cytoplasm divides through cytokinesis making four haploid cells. Happens in both cells that are seen in this stage. Telophase 2
30%
Pair of chromosomes that have genes for the same traits in the same order Homologous Chromosomes
17%
No matching quizzes found
Score Distribution
Percent of People with Each Score
Percentile by Number Answered
Your Score History
You have not taken this quiz